| 000 | 00000nam##2200000za#4500 |
| 001 | 9.644162 |
| 003 | CaOODSP |
| 005 | 20210624224522 |
| 007 | cr ||||||||||| |
| 008 | 150407|2014||||xxc|||||o f|0| 0 fre|d |
| 040 | |aCaOODSP|bfre |
| 043 | |an-cn--- |
| 086 | 1 |aBC2-463/2014F-PDF |
| 110 | 1 |aCanada.|bSociété Radio-Canada. |
| 245 | 10|aSur les traces de Kerouac |h[ressource électronique] |
| 260 | |aMontréal - Québec : |bSociété Radio-Canada |cc2014. |
| 300 | |a99p.|bfigures, ill., cartes, références, photographies |
| 500 | |aLe n° de catalogue (BC2-463/2014F-EPUB) et ISBN (978-0-660-22683-5) imprimés dans cette publication sont incorrects. |
| 590 | |a15-05|b2015-01-30 |
| 856 | 40|ahttp://publications.gc.ca|qPDF|s18961 Ko|uhttps://publications.gc.ca/collections/collection_2015/radio-canada-cbc/BC2-463-2014-fra.pdf |